LEADER 01217nam1 2200385 450 001 990001134740203316 005 20041102114345.0 035 $a000113474 035 $aUSA01000113474 035 $a(ALEPH)000113474USA01 035 $a000113474 100 $a20030307d2002----km-y0enga50------ba 101 0 $ager 102 $aDE 105 $ay|||z|||001yy 200 1 $aInternationales Jahrbuch für Hermeneutik$fhrsg Günter Figal$gin Zusammenarbeit mit Damir Barbaric' ...[et al.] 210 $aTübingein$cMohr Siebeck$d2002- 215 $av.$d24 cm. 463 \1$1001990002128350203316$12001 $a<> Schwerpunkt$eSprache 606 0 $aErmeneutica$xTeoria 676 $a121.68 702 1$aFIGAL,$bGünter 702 1$aBARBARIC',$bDamir 801 0$aIT$bsalbc$gISBD 912 $a990001134740203316 951 $aIV C 3563$bL.M.$cIV C 959 $aBK 969 $aUMA 979 $aMARIA$b10$c20030307$lUSA01$h0913 979 $aPATRY$b90$c20040406$lUSA01$h1718 979 $aRENATO$b90$c20041102$lUSA01$h1117 979 $aRENATO$b90$c20041102$lUSA01$h1118 979 $aRENATO$b90$c20041102$lUSA01$h1143 996 $aInternationales Jahrbuch für Hermeneutik$9980281 997 $aUNISA LEADER 00844nam0-22003011--450- 001 990008764490403321 005 20090731135443.0 035 $a000876449 035 $aFED01000876449 035 $a(Aleph)000876449FED01 035 $a000876449 100 $a20081125d1979----km-y0itay50------ba 101 0 $afre 102 $aCH 105 $ay-------001yy 200 1 $aCharles 8. et les Italiens$ehistoire et mythe$fAnne Denis 210 $aGeneve$cLibrairie Droz$d1979 215 $a185 p., 1 c. di tav.$cill$d26 cm 225 1 $aTravaux d'Humanisme et Renaissance$v167 676 $a945.054$v19$zita 700 1$aDenis,$bAnne$0315986 801 0$aIT$bUNINA$gRICA$2UNIMARC 901 $aBK 912 $a990008764490403321 952 $aSDI-2KE 136$fSDI 959 $aSDI 996 $aCharles 8. et les Italiens$9810752 997 $aUNINA